01460nam a2200313 i 4500001001000000003000900010005001700019007000300036008004100039040003000080041000800110082002500118100005900143245006500202264005200267300003600319336002800355337003400383338003000417500006900447500006300516651006800579651006500647942001400712952013600726952014200862952012701004999001501131000005060DO-SdBNP20260413112621.0ta090729s1979 dr b 000 0 spa d aDO-SdBNPbspacBNPHUerda aspa 4a330.97293bB333h2221 aBatista del Villar, Bolivard1936-9145484aut.eautor10a¿Hacia dónde va el cambio? /cBolivar Batista del Villar. 4aSanto Domingo :bEditora Alfa & Omega,c©1979. a352 páginas :bmapa ;c20 cm. atextobtxt2rdacontent  asin mediaciónbn2rdamedia  avolumen bnc2rdacarrier  aIncluye referencias bibliográficos al final de los capítulos aIncluye anexos : Leyes, decretos, Resoluciones y Contratos 7aRepública DominicanaxCondiciones económicas2LIBRUNAM9281 7aRepública DominicanaxPolítica y gobierno2LIBRUNAM 945 2ddccLBS1 00102ddc51708PDaBNPHUbBNPHUcHDd2009-07-29l0oBNPHU PD 330.97293 B333hp5060-10r2020-06-25w2020-06-25yLBS1ZNo se presta 00102ddc51708PDaBNPHUbBNPHUcHDd2011-01-18l0oBNPHU PD 330.97293 B333hp5060-20r2020-06-25te. 2w2020-06-25yLBS1ZNo se presta 00102ddc51708PDaBNPHUbBNPHUcHDd2009-07-29l0o330.97293 B333hp5061-10r2020-06-25w2020-06-25yLBS1ZNo se presta c4864d4864